| 000 | 00774cab a2200229 4500 | ||
|---|---|---|---|
| 001 | WB3116-44 | ||
| 008 | 090401t1995 xxu||||| |||| 00| 0 eng d | ||
| 035 | _a(Sirsi) u57543 | ||
| 041 | _aeng | ||
| 245 | _aNew environmental management scheme | ||
| 260 | _c1995 | ||
| 350 | _a0 | ||
| 490 |
_aDoE News Release _v(196) 12 April 1995 (3) |
||
| 520 | _aLocal authorities can improve their impact on the environment and identify ways to save money by taking part in a DoE initiative "EMAS for UK Local Government". | ||
| 650 | _aECO-MANAGEMENT AND AUDIT SCHEME | ||
| 650 | _aENVIRONMENTAL MANAGEMENT SCHEME | ||
| 650 | _aENVIRONMENTAL MANAGEMENT | ||
| 650 | _aLOCAL AUTHORITIES | ||
| 690 | _aENVIRONMENTAL AND LAND CONSULTANCY | ||
| 942 | _n0 | ||
| 948 | _c04/03/1997 | ||
| 999 |
_c35103 _d35103 |
||